[Event "Women's Chess Cup"]
[Site "Dresden GER"]
[Date "2006.07.08"]
[Round "6.1"]
[White "Paehtz,E"]
[Black "Sebag,M"]
[Result "1/2-1/2"]
[WhiteElo "2438"]
[BlackElo "2434"]
[EventDate "2006.07.07"]

1. e4 e5 2. Bc4 Nf6 3. d3 c6 4. Nf3 d5 5. Bb3 Bb4+ 6. c3 Bd6 7. Qe2 O-O 8.
Bg5 Be6 9. Nbd2 Nbd7 10. O-O h6 11. Bh4 Re8 12. Rfe1 Qb8 13. Nf1 Nh5 14.
Qd2 Nc5 15. Bc2 dxe4 16. dxe4 Bg4 17. Bd1 Be7 18. Bxe7 Rxe7 19. Nh4 Bxd1
20. Raxd1 Nf6 21. Ng3 Qf8 22. Qe3 Rd7 23. Rxd7 Ncxd7 24. Nhf5 Nb6 25. Qf3
Kh7 26. Rd1 Rd8 27. Qe2 Rd7 28. Rxd7 Nbxd7 29. Qd2 Nc5 30. Qd6 Qxd6 31.
Nxd6 Kg8 32. b4 Na4 33. Nxb7 Nxc3 34. Na5 Nxa2 35. Nxc6 Nd7 36. Nf5 g6 37.
Nxh6+ Kg7 38. Ng4 f6 39. Ne3 Kf7 40. Nd5 Nb6 41. b5 Nxd5 42. exd5 Nc3 43.
Nxa7 Nxd5 44. g4 g5 45. Kg2 e4 46. Nc8 Ke6 47. b6 Nb4 48. b7 Nc6 49. Na7
Nb8 50. Nb5 Ke5 51. Kg3 Nc6 52. h4 gxh4+ 53. Kxh4 Kf4 54. Kh5 Nb8 55. Nd4
Nd7 56. Nc6 Kf3 57. b8=Q Nxb8 58. Nxb8 Kxf2 59. Nc6 e3 60. Nd4 e2 61. Nc2
Kg3 62. Ne1 Kf2 63. Nd3+ Ke3 64. Ne1 Kf2 65. Nc2 Kg3 66. Ne1 Kf2 67. Nd3+
1/2-1/2

[Event "Women's Chess Cup"]
[Site "Dresden GER"]
[Date "2006.07.08"]
[Round "6.2"]
[White "Polgar,Z"]
[Black "Lujan,C"]
[Result "1-0"]
[WhiteElo "2577"]
[BlackElo "2378"]
[EventDate "2006.07.07"]

1. d4 Nf6 2. c4 g6 3. Nf3 Bg7 4. g3 O-O 5. Bg2 c6 6. O-O d5 7. b3 Ne4 8.
Bb2 Nd7 9. Nbd2 Ndf6 10. e3 a5 11. a3 Bf5 12. h3 h5 13. Rc1 a4 14. b4 Bh6
15. Qe2 Qd6 16. Rfe1 g5 17. Ne5 Nxd2 18. Qxd2 Qe6 19. Kh2 g4 20. h4 Be4 21.
Bf1 dxc4 22. Bxc4 Bd5 23. Qc2 Bxc4 24. Qxc4 Qf5 25. Qe2 Ne4 26. Rf1 f6 27.
Nd3 Qb5 28. Qc2 Qd5 29. Nc5 Nxc5 30. Qg6+ Bg7 31. Rxc5 Qa2 32. Bc1 Qe2 33.
Kg1 e5 34. dxe5 Rad8 35. e6 Rd1 36. Rxd1 Qxd1+ 37. Kh2 Qf1 38. Rf5 1-0

[Event "Women's Chess Cup"]
[Site "Dresden GER"]
[Date "2006.07.08"]
[Round "6.2"]
[White "Sebag,M"]
[Black "Paehtz,E"]
[Result "0-1"]
[WhiteElo "2434"]
[BlackElo "2438"]
[EventDate "2006.07.07"]

1. e4 g6 2. d4 Bg7 3. Nc3 d6 4. g3 Nf6 5. Bg2 O-O 6. Nge2 Nbd7 7. h3 c5 8.
O-O Rb8 9. a4 b6 10. f4 cxd4 11. Nxd4 Bb7 12. Nb3 Nc5 13. Re1 Nfd7 14. Kh2
Rc8 15. Nd4 a6 16. Be3 e5 17. Nb3 exf4 18. gxf4 Qe7 19. Nxc5 Nxc5 20. Bf2
Rfe8 21. Rb1 Qd7 22. Nd5 Bxd5 23. Qxd5 Qxa4 24. c3 Qc2 25. Bxc5 Rxc5 26.
Qxd6 Rg5 27. Rg1 Rxg2+ 28. Rxg2 Qxb1 29. e5 Qf5 30. Qd4 b5 31. Re2 h5 32.
Qe4 Qxe4 33. Rxe4 Rd8 34. e6 fxe6 35. Rxe6 Rd2+ 36. Kg3 Rxb2 37. Rxa6 Bxc3
38. Rxg6+ Kf7 39. Rb6 b4 40. Kh4 Rf2 41. Kxh5 Rxf4 42. Kg5 Re4 43. h4 Re6
44. Rb7+ Re7 45. Rb6 Bd2+ 46. Kf5 Kg7 47. Rg6+ Kh7 48. Rb6 Re3 49. Kg4 b3
50. Rb7+ Kg8 51. h5 Re4+ 52. Kf5 Rb4 53. Rd7 b2 54. Rd8+ Kh7 55. Rd7+ Kh6
56. Rd6+ Kxh5 0-1

[Event "Women's Chess Cup"]
[Site "Dresden GER"]
[Date "2006.07.08"]
[Round "7.1"]
[White "Sebag,M"]
[Black "Lujan,C"]
[Result "0-1"]
[WhiteElo "2434"]
[BlackElo "2378"]
[EventDate "2006.07.07"]

1. e4 c5 2. c3 d5 3. exd5 Qxd5 4. d4 Nf6 5. Nf3 Bg4 6. Be2 e6 7. O-O Nc6 8.
h3 Bh5 9. Be3 cxd4 10. cxd4 Be7 11. Nc3 Qd6 12. a3 O-O 13. Qb3 a6 14. Rfd1
Rfd8 15. Rac1 b5 16. Rd2 Na5 17. Qa2 Rac8 18. g4 Bg6 19. Ne5 Nd5 20. Nxg6
hxg6 21. Kg2 Nf4+ 22. Bxf4 Qxf4 23. Rdd1 Nc4 24. d5 Bh4 25. Rf1 exd5 26.
Bf3 Nd2 27. Bxd5 Nxf1 28. Rxf1 Rc5 29. Bf3 Rd3 30. Bb7 Rg5 31. Ne2 Rxg4+
32. hxg4 Qxg4+ 33. Ng3 Bxg3 34. fxg3 Qxg3+ 35. Kh1 Qh3+ 36. Kg1 Rg3+ 37.
Kf2 Qh2+ 38. Ke1 Re3+ 39. Kd1 Qe2+ 0-1

[Event "Women's Chess Cup"]
[Site "Dresden GER"]
[Date "2006.07.08"]
[Round "7.2"]
[White "Lujan,C"]
[Black "Sebag,M"]
[Result "0-1"]
[WhiteElo "2378"]
[BlackElo "2434"]
[EventDate "2006.07.07"]

1. e4 c5 2. Nf3 d6 3. d4 cxd4 4. Nxd4 Nf6 5. Nc3 a6 6. g3 e5 7. Nde2 Nbd7
8. Bg2 b5 9. h3 Bb7 10. g4 b4 11. Nd5 Nxd5 12. exd5 Be7 13. O-O O-O 14. Ng3
Re8 15. Bd2 a5 16. a3 bxa3 17. Rxa3 a4 18. Nf5 Bf8 19. Bb4 Nb6 20. c3 Ba6
21. Re1 Nc4 22. Ra2 g6 23. Ne3 Nb6 24. Ba5 Bb5 25. Bb4 Qd7 26. g5 h5 27. h4
Bg7 28. b3 Rac8 29. bxa4 Ba6 30. a5 Nc4 31. Nxc4 Rxc4 32. Re4 Rxe4 33. Bxe4
Qh3 34. f3 Qxh4 35. Rg2 Bf8 36. Qd2 Be7 37. c4 Bxc4 38. Qc1 Rc8 39. Be1 Qh3
40. Qb1 Ba6 41. Bf2 Kg7 42. Rh2 Qd7 43. Be3 Rc3 44. Bd2 Ra3 45. Qb2 Qa4 46.
Bc3 Bxg5 47. Bc2 Qc4 48. Rf2 Rxc3 0-1

[Event "Women's Chess Cup"]
[Site "Dresden GER"]
[Date "2006.07.08"]
[Round "7.2"]
[White "Polgar,Z"]
[Black "Paehtz,E"]
[Result "1-0"]
[WhiteElo "2577"]
[BlackElo "2438"]
[EventDate "2006.07.07"]

1. d4 e6 2. Nf3 f5 3. d5 Nf6 4. dxe6 dxe6 5. Qxd8+ Kxd8 6. Nc3 Bb4 7. Bd2
Ke7 8. a3 Bc5 9. b4 Bd6 10. Nb5 Ne4 11. Be3 a5 12. Nxd6 cxd6 13. bxa5 Rxa5
14. Nd2 Nxd2 15. Bxd2 Rc5 16. O-O-O Nc6 17. e3 Bd7 18. f4 Rc8 19. Bd3 e5
20. e4 fxe4 21. Bxe4 Nd4 22. fxe5 Rxe5 23. Bg5+ Rxg5 24. Rxd4 g6 25. Bxb7
Rc3 26. Re1+ Re5 27. Rde4 Rc7 28. Ba6 Kf6 29. Rf1+ Bf5 30. Bd3 Kg7 31. Rd4
Bxd3 32. Rxd3 Re2 33. Rd2 Re3 34. Rxd6 Rxa3 35. Rfd1 Raa7 36. R6d3 Rab7 37.
c3 Ra7 38. R1d2 Kh6 39. Kc2 Ra3 40. Kb2 Ra5 41. Rd4 Rb7+ 42. Rb4 Rba7 43.
Rh4+ Kg7 44. Rhd4 Ra2+ 45. Kb3 R2a3+ 46. Kc2 Ra2+ 47. Kd1 Ra1+ 48. Ke2 Kh6
49. Rd7 R7a5 50. R7d5 Ra6 51. Kd3 Rc1 52. Rd4 Ra3 53. Rc4 Ra7 54. Re2 Rd1+
55. Kc2 Rda1 56. Rh4+ Kg7 57. Rhe4 Kh6 58. h3 R1a2+ 59. Kd3 R2a3 60. Re7
R7a6 61. R2e4 Rc6 62. Rc4 Rd6+ 63. Rd4 Rc6 64. Rh4+ Kg5 65. Rc4 Rd6+ 66.
Ke3 h5 67. h4+ Kf6 68. Rec7 Re6+ 69. Re4 Rd6 70. Rc5 Ra2 71. Rf4+ Ke6 72.
Rg5 Kd7 73. Rd4 Raa6 74. Rxg6 Rxd4 75. Rg7+ Ke6 76. cxd4 1-0

[Event "Women's Chess Cup"]
[Site "Dresden GER"]
[Date "2006.07.08"]
[Round "7.3"]
[White "Sebag,M"]
[Black "Lujan,C"]
[Result "1-0"]
[WhiteElo "2434"]
[BlackElo "2378"]
[EventDate "2006.07.07"]

1. c3 c5 2. e4 e6 3. Nf3 d5 4. exd5 Qxd5 5. d4 Nf6 6. Be2 Be7 7. O-O Nc6 8.
c4 Qd8 9. dxc5 Qxd1 10. Rxd1 Bxc5 11. Nc3 b6 12. a3 Bb7 13. b4 Be7 14. Bf4
O-O 15. Nb5 Rfd8 16. Bc7 Rdc8 17. Bd6 Bd8 18. Bg3 Ne4 19. Rd7 Nxg3 20. hxg3
Ba6 21. Rad1 Kf8 22. Nd6 Rc7 23. Rxc7 Bxc7 24. b5 Ke7 25. Nxf7 Kxf7 26.
Rd7+ Ne7 27. Rxc7 Bc8 28. Ne5+ Ke8 29. Bf3 Rb8 30. Rxe7+ Kxe7 31. Nc6+ Kd6
32. Nxb8 Kc5 33. Nc6 Kxc4 34. Nxa7 Bd7 35. Bc6 1-0